F Answers Quiz - Geography - Statistics

General Stats
  • This quiz has been taken 764 times
  • The average score is 12 of 25
Answer Stats
Hint Answer % Correct
Capital is Helsinki Finland
97%
US state that is closest to Cuba Florida
96%
A narrow sea inlet surrounded by cliffs, common in Norway and Chile Fjord
91%
Capital is Suva Fiji
88%
Islands fought over by the UK and Argentina Falklands
87%
People who identify as coming from the Philippines Filipino
81%
Formerly known as Gaul France
81%
National soccer governing body FIFA
72%
Capital of Sierra Leone Freetown
70%
Archipelago halfway between Norway and Iceland Faroe Islands
64%
Another name for the Persian language Farsi
64%
Fifth-largest city in California Fresno
50%
Fifth-largest city in Texas Fort Worth
46%
Open space within a Roman city Forum
42%
Atoll that contains the capital of Tuvalu Funafuti
32%
Everglades are a common stop in this Florida city Fort Lauderdale
27%
Currency of Hungary Forint
22%
Fourth of the Five Pillars of Islam Fasting
14%
Capital of Martinique Fort-de-France
14%
Capital of Fujian province in China Fuzhou
12%
Capital of Christmas Island Flying Fish Cove
6%
Carnivorous, cat-like creature endemic to Madagascar Fossa
5%
Language spoken in many countries across West and Central Africa Fula
5%
National bird of Antigua and Barbuda Frigate
4%
One of the biggest cities in Kosovo Ferizaj
3%
No matching quizzes found
Score Distribution
Percent of People with Each Score
Percentile by Number Answered
Your Score History
You have not taken this quiz